| 000 | 00801nac a22002411u 4500 | ||
|---|---|---|---|
| 010 | _a 00058960 | ||
| 020 | _a1576107124 | ||
| 082 | 0 | 0 |
_a005.44769 _bDAN |
| 090 |
_c5535 _d5535 |
||
| 100 | _aBalter, Dan. | ||
| 245 | 0 | 0 |
_aMCSE Windows 2000 professional / _cDan Balter ...et al.]. |
| 260 |
_aScottsdale, AZ : _bCoriolis Group Books,c.2000. _cc.2000. |
||
| 300 |
_axxxviii, 361 p. : _bill. ; _c23 cm. |
||
| 440 | 0 | _aExam cram | |
| 500 | _aDistributer : Al-Ahram. | ||
| 511 | _aCatalogued By : Mahitab. | ||
| 650 | 0 |
_aElectronic data processing personnel _xCertification. |
|
| 650 | 0 |
_aMicrosoft software _xExaminations _vStudy guides. |
|
| 700 | 1 | _aHolme, Dan. | |
| 700 | 1 | _aLogan, Todd. | |
| 700 | 1 | _aSalmon, Laurie. | |
| 942 |
_cBB _k005.44769DAN |
||
| 999 |
_c5535 _d5535 |
||